00460 2200181 4500001002100000005001500021035002000036245004500056100002100101250001700122300002800139260003600167082000800203084001400211020002200225650001500247990001600262INLIS00000000000030320240602120332 a0010-06240000121 aSetelah Pertengkaran /cDwianto Setyawan0 aDwianto Setyawan acetakan ke-5 a48 hlm :bilus ;c21 cm aJakarta :bBalai Pustaka,c2007 a813 a813 DWI s a978-979-407-046-7 4aFiksi Anak a00000000759